| 000 | 00335nam a2200133Ia 4500 | ||
|---|---|---|---|
| 008 | 190216s9999||||xx |||||||||||||| ||und|| | ||
| 100 | _aR.M .srivasthava | ||
| 245 | 0 | _aManagement Of Indian Financialinstitutions | |
| 250 | _a11st Ed. | ||
| 260 |
_bHimalaya Publishing House _c2005 |
||
| 300 | _a756 | ||
| 650 | _aCommerce | ||
| 942 | _cBK | ||
| 999 |
_c8282 _d8282 |
||